[Event "Titled Tuesday intern op 26th Jan"]
[Site "Chess.com INT"]
[Date "2021.01.26"]
[Round "6"]
[White "Hechl, Gerald"]
[Black "Shafigullina, Zarina"]
[Result "1-0"]
[WhiteElo "2281"]
[BlackElo "2311"]
[PlyCount "85"]
[EventDate "2021.01.26"]
[EventType "swiss (blitz)"]
[EventRounds "11"]
[EventCountry "USA"]
[SourceTitle "CBM 200 Extra"]
[Source "ChessBase"]
[SourceDate "2021.03.31"]
[SourceVersion "1"]
[SourceVersionDate "2021.03.31"]
[SourceQuality "1"]

1. d4 Nf6 2. Bg5 Ne4 3. Bf4 c5 4. d5 Qa5+ 5. Nd2 e6 6. c4 Bd6 7. Bxd6 Nxd6 8. e3 exd5 9. cxd5 b5 10. Ngf3 Bb7 11. a4 c4 12. axb5 Qxb5 13. e4 Qb4 14. Qc2 f5 15. e5 Ne4 16. Qxc4 Qxb2 17. Rb1 Nxd2 18. Rxb2 Nxc4 19. Bxc4 Ba6 20. Nd2 Bxc4 21. Nxc4 0-0 22. f4 Na6 23. Ke2 Rfb8 24. Rhb1 Rxb2+ 25. Rxb2 Rb8 26. Ra2 Rb4 27. Nd6 Rb6 28. Nxf5 g6 29. Nd6 Nb4 30. Rxa7 Nxd5 31. Rxd7 Nxf4+ 32. Kf3 Ne6 33. Re7 Nd4+ 34. Ke4 Rxd6 35. exd6 Nf5 36. Re8+ Kf7 37. Rb8 Nxd6+ 38. Kd5 Nf5 39. Rb7+ Kg8 40. g4 Nh4 41. Ke6 Nf3 42. Kf6 h6 43. Rg7+ 1-0

[Event "Titled Tuesday intern op 26th Jan"]
[Site "Chess.com INT"]
[Date "2021.01.26"]
[Round "10"]
[White "Romanchuk, Viktor"]
[Black "Hechl, Gerald"]
[Result "1-0"]
[WhiteElo "2258"]
[BlackElo "2281"]
[PlyCount "120"]
[EventDate "2021.01.26"]
[EventType "swiss (blitz)"]
[EventRounds "11"]
[EventCountry "USA"]
[SourceTitle "CBM 200 Extra"]
[Source "ChessBase"]
[SourceDate "2021.03.31"]
[SourceVersion "1"]
[SourceVersionDate "2021.03.31"]
[SourceQuality "1"]

1. d4 d5 2. c4 dxc4 3. e3 Be6 4. Na3 c5 5. Nf3 Nf6 6. Bxc4 Bxc4 7. Nxc4 e6 8. 0-0 Nc6 9. dxc5 Bxc5 10. a3 0-0 11. b4 Be7 12. Bb2 Qxd1 13. Rfxd1 Rfd8 14. b5 Rxd1+ 15. Rxd1 Rd8 16. Rc1 Nb8 17. Kf1 Ne4 18. Na5 Nc5 19. Bd4 Nbd7 20. Ke2 b6 21. Nc6 Re8 22. Nxa7 Nb3 23. Rc7 Nxd4+ 24. Nxd4 Nf6 25. a4 Nd5 26. Rc8 Kf8 27. Kd3 Bc5 28. Nb3 Bb4 29. g3 Nf6 30. f3 Nd7 31. Kc4 Bd6 32. Rxe8+ Kxe8 33. Nc6 Nf6 34. a5 bxa5 35. Nbxa5 Nd5 36. Kd3 Bc7 37. Nc4 Kd7 38. N6e5+ Ke7 39. e4 Nb4+ 40. Kc3 Na2+ 41. Kb2 Nb4 42. Kb3 f6 43. Kxb4 fxe5 44. b6 Bb8 45. Kb5 Kd7 46. g4 g6 47. h3 h6 48. Na5 Kc8 49. Kc6 h5 50. gxh5 gxh5 51. Nb3 Kd8 52. Nc5 Ke7 53. Nd7 Bd6 54. b7 h4 55. b8Q Bxb8 56. Nxb8 Kf6 57. Kd6 Kg5 58. Kxe5 Kh5 59. Kxe6 Kg6 60. Ke5 Kg5 1-0

[Event "Titled Tuesday intern op 19th Jan"]
[Site "Chess.com INT"]
[Date "2021.01.19"]
[Round "2"]
[White "Hechl, Gerald"]
[Black "Sorensen, Hampus"]
[Result "0-1"]
[WhiteElo "2281"]
[BlackElo "2395"]
[PlyCount "104"]
[EventDate "2021.01.19"]
[EventType "swiss (blitz)"]
[EventRounds "11"]
[EventCountry "USA"]
[SourceTitle "CBM 200 Extra"]
[Source "ChessBase"]
[SourceDate "2021.03.31"]
[SourceVersion "1"]
[SourceVersionDate "2021.03.31"]
[SourceQuality "1"]

1. d4 Nf6 2. Bg5 d5 3. Bxf6 gxf6 4. c4 dxc4 5. e3 e6 6. Bxc4 c5 7. d5 a6 8. dxe6 Qxd1+ 9. Kxd1 fxe6 10. a4 Nc6 11. Nf3 Ke7 12. Nc3 b6 13. Ke2 Bb7 14. Rhd1 Rg8 15. g3 Bg7 16. Rd2 f5 17. Rad1 Rgd8 18. Ng5 Rxd2+ 19. Rxd2 Ne5 20. Bxe6 h6 21. Bd5 hxg5 22. Bxb7 Ra7 23. Bc8 Nc4 24. Rd5 Nxb2 25. Nd1 Nxa4 26. Rxf5 Bf6 27. h4 gxh4 28. gxh4 c4 29. Rh5 Kf8 30. Bf5 Nc5 31. Rh6 Rf7 32. e4 a5 33. Rg6 a4 34. Rg3 Nb3 35. h5 a3 36. Nc3 Bxc3 37. Rxc3 a2 38. Rxc4 a1Q 39. Rc8+ Kg7 40. h6+ Kxh6 41. Rc6+ Kg7 42. Rg6+ Kf8 43. Rxb6 Qb2+ 44. Kf3 Qc3+ 45. Kf4 Nd4 46. Rb8+ Kg7 47. Rb6 Qf3+ 48. Ke5 Nxf5 49. exf5 Qxf5+ 50. Kd4 Qxf2+ 51. Kc4 Qxb6 52. Kd5 Rf5+ 0-1

[Event "Titled Tuesday intern op 19th Jan"]
[Site "Chess.com INT"]
[Date "2021.01.19"]
[Round "6"]
[White "Khalafova, Narmin Ilgar Qizi"]
[Black "Hechl, Gerald"]
[Result "0-1"]
[WhiteElo "2279"]
[BlackElo "2281"]
[PlyCount "110"]
[EventDate "2021.01.19"]
[EventType "swiss (blitz)"]
[EventRounds "11"]
[EventCountry "USA"]
[SourceTitle "CBM 200 Extra"]
[Source "ChessBase"]
[SourceDate "2021.03.31"]
[SourceVersion "1"]
[SourceVersionDate "2021.03.31"]
[SourceQuality "1"]

1. e4 d5 2. exd5 Qxd5 3. Nc3 Qa5 4. g3 Nf6 5. Bg2 c6 6. Nge2 e5 7. 0-0 Bd6 8. d4 0-0 9. Bg5 Nbd7 10. Qd2 h6 11. Bh4 Nd5 12. f4 exd4 13. Nxd4 Nxc3 14. bxc3 Bc5 15. Kh1 Bxd4 16. Qxd4 Qc5 17. Qxc5 Nxc5 18. Be7 Na4 19. Bxf8 Kxf8 20. Rf3 Bf5 21. Rd1 Nc5 22. Re3 Bxc2 23. Rd6 Re8 24. Rxe8+ Kxe8 25. Kg1 Ke7 26. Rd2 Bf5 27. Kf2 Ne4+ 28. Bxe4 Bxe4 29. Ke3 f5 30. Kd4 Ke6 31. Re2 Kd6 32. c4 c5+ 33. Kc3 b6 34. Rd2+ Ke6 35. Rd8 g5 36. Rh8 gxf4 37. Rxh6+ Ke5 38. gxf4+ Kxf4 39. Rh7 Ke3 40. Rxa7 f4 41. Rf7 f3 42. h4 f2 43. Rxf2 Kxf2 44. a3 Kg3 45. h5 Kh4 46. Kb3 Kxh5 47. Ka4 Bc6+ 48. Kb3 Kg4 49. Kc3 Kf4 50. Kd3 Kf3 51. Kc3 Ke4 52. Kb3 Kd4 53. a4 Bxa4+ 54. Kxa4 Kxc4 55. Ka3 b5 0-1